Mitología griega y romana: dioses, héroes, semidioses y mostruos
Uloženo v:
| Hlavní autor: | |
|---|---|
| Médium: | Kniha |
| Jazyk: | španělština |
| Vydáno: |
Barcelona
Ediciones Robinbook
2011
|
| Vydání: | 1a. ed |
| Edice: | Swing
|
| Témata: | |
| Tagy: |
Přidat tag
Žádné tagy, Buďte první, kdo vytvoří štítek k tomuto záznamu!
|
MARC
| LEADER | 00000cam a2200000 a 4500 | ||
|---|---|---|---|
| 001 | UCC0289 | ||
| 003 | CL-VaPUC | ||
| 008 | 170728e20110000sp |||||||||||||||||spa|d | ||
| 020 | |a 9788496746534 | ||
| 082 | 0 | 4 | |a 292 |b BAR |2 21 |
| 100 | 0 | |a Bartolotti, Alessandra |e author |9 594202 | |
| 245 | 1 | 0 | |a Mitología griega y romana: dioses, héroes, semidioses y mostruos |
| 250 | |a 1a. ed | ||
| 300 | |a 282 p | ||
| 942 | |c BK | ||
| 945 | |d 20170728 13:21:00 |a arojas | ||
| 260 | |a Barcelona |b Ediciones Robinbook |c 2011 | ||
| 650 | 0 | |a Mitología griega |9 265313 | |
| 650 | 7 | |a MITOLOGIA ROMANA |2 CL-VaPUC |9 265213 | |
| 650 | 0 | |a Mitología clásica |9 265586 | |
| 583 | |a last modification |c 20170728 13:21:00 |k Rodrigo Vera | ||
| 490 | 0 | |a Swing | |
| 999 | |c 369158 |d 369156 | ||
| 952 | |0 0 |1 0 |3 erb |4 0 |6 292_000000000000000_BAR_2011 |7 0 |8 A |9 484748 |a BIBHIS |b BIBHIS |i 5411718 |l 1 |o 292 BAR 2011 |p 5411718 |r 2025-03-14 |s 2025-03-14 |w 2019-11-24 |y BK |z Catalogado en:20170728 |k HIS | ||